| 000 | 00997nam a2200241Ia 4500 | ||
|---|---|---|---|
| 003 | Ost | ||
| 005 | 20260507074927.0 | ||
| 008 | 260507s9999||||xx |||||||||||||| ||und|| | ||
| 020 | _a9789775024558 | ||
| 040 | _cfsecg | ||
| 041 | _aara | ||
| 082 | _a388 | ||
| 100 | _eمؤلف | ||
| 245 | 0 | _aالاتفاقيات الدولية والاقليمية للنقل البري ودورها في تذليل معوقات التجارة العربية البيئية / | |
| 260 |
_aالقاهرة: _bالمنظمة العربية للتنمية الادارية, _c2003 |
||
| 300 |
_a282 صفحة؛ _bإيضاحات ؛ _c24 سم |
||
| 490 |
_aبحوث ودراسات _v379 |
||
| 520 | _aالاتفاقيات الاقليمية ودون الاقليمية للنقل البري، المعاهدات والاتفاقيات المرتبطة بالنقل البري | ||
| 653 | _aالاتفاقيات الدولية | ||
| 653 | _aالتجارة | ||
| 653 | _aالنقل بري | ||
| 942 | _cكتاب | ||
| 999 |
_c41837 _d41837 |
||